Statistics for For Does LGBTQ Stand For?

Click here to take the quiz!

General Stats

  • This quiz has been taken 216 times
  • The average score is 5 of 5

Answer Stats

Answer% Correct
Gay
100%
Lesbian
99%
Queer
94%
Bisexual
92%
Transgender
89%

Score Distribution

Percentile by Number Answered

Percent of People with Each Score

Your Score History

You have not taken this quiz